[Event "Quebec Montcalm op"]
[Site "Quebec"]
[Date "2017.01.06"]
[Round "1"]
[White "Chevalier, Francois"]
[Black "Pare, Marc"]
[Result "0-1"]
[WhiteElo "1754"]
[BlackElo "1946"]
[PlyCount "146"]
[EventDate "2017.01.06"]
[EventType "swiss"]
[EventRounds "5"]
[EventCountry "CAN"]
[SourceTitle "EXT 2022"]
[Source "ChessBase"]
[SourceDate "2021.10.06"]
[SourceVersion "1"]
[SourceVersionDate "2021.10.06"]
[SourceQuality "1"]

1. d4 b6 2. e4 Bb7 3. Bd3 e6 4. Nf3 Nf6 5. Qe2 d5 6. Nbd2 c5 7. c3 Be7 8. e5 Nfd7 9. 0-0 c4 10. Bc2 b5 11. Re1 a5 12. Nf1 Nb6 13. Ng3 h5 14. Bd2 N8d7 15. Qe3 Bc6 16. Ng5 h4 17. Nf1 Nf8 18. f4 Bxg5 19. fxg5 Qe7 20. h3 0-0-0 21. Nh2 Nfd7 22. Nf3 g6 23. Qf2 Na8 24. Nxh4 Nc7 25. Nf3 Rh7 26. Nh2 Ne8 27. Ng4 Ng7 28. Rf1 Nf5 29. Bxf5 gxf5 30. Nf6 Nxf6 31. exf6 Qb7 32. Bf4 b4 33. Qe2 Bd7 34. Qe1 Qb6 35. h4 Ba4 36. Qf2 Rd7 37. g3 Rb7 38. Qe2 Rh8 39. h5 Rg8 40. Rf2 Qd8 41. Re1 Bc6 42. g4 fxg4 43. Rg2 a4 44. Be5 Rxg5 45. Rxg4 Qg8 46. Rxg5 Qxg5+ 47. Kf2 a3 48. cxb4 axb2 49. Qxb2 Qxh5 50. a3 Qh4+ 51. Ke2 Qg3 52. Kd2 Qd3+ 53. Kc1 Ba4 54. Bd6 c3 55. Qf2 c2 56. Qe2 Qxa3+ 57. Kd2 Qb2 58. Rc1 Qxd4+ 59. Ke1 Qh4+ 60. Qf2 Qxf2+ 61. Kxf2 Kd7 62. Bc5 e5 63. Ke1 Ke6 64. Be7 d4 65. Kd2 e4 66. Re1 Kd5 67. Rh1 Kc4 68. Rh4 e3+ 69. Kc1 Kd3 70. Bc5 Rd7 71. Rh3 Rd5 72. Rh4 Rf5 73. Rxd4+ Kc3 0-1

[Event "Quebec Montcalm op 1 2016-17"]
[Site "Quebec"]
[Date "2016.09.22"]
[Round "3"]
[White "Abran, David"]
[Black "Pare, Marc"]
[Result "1-0"]
[WhiteElo "1888"]
[BlackElo "1921"]
[PlyCount "117"]
[EventDate "2016.09.08"]
[EventType "swiss"]
[EventRounds "5"]
[EventCountry "CAN"]
[SourceTitle "EXT 2022"]
[Source "ChessBase"]
[SourceDate "2021.10.06"]
[SourceVersion "1"]
[SourceVersionDate "2021.10.06"]
[SourceQuality "1"]

1. d4 Nf6 2. c4 e6 3. Nf3 d5 4. Bg5 Nbd7 5. e3 h6 6. Bh4 Be7 7. Nc3 0-0 8. Rc1 c6 9. Qc2 Ne4 10. Bg3 f5 11. Bd3 Bf6 12. cxd5 exd5 13. 0-0 Qe7 14. Rfe1 Rf7 15. a3 g5 16. Nd2 Nf8 17. f3 Nxg3 18. hxg3 Qd6 19. f4 Bg7 20. Nf3 g4 21. Ne5 Bxe5 22. fxe5 Qg6 23. Ne2 Ne6 24. Rf1 Qg5 25. Nf4 Bd7 26. Kf2 Nxf4 27. exf4 Qg6 28. Rh1 Rh7 29. Rce1 Be6 30. Rh4 Rf8 31. Reh1 h5 32. Be2 Qf7 33. b4 Rc8 34. Bd3 Rc7 35. Qb1 b6 36. Rc1 Rh6 37. Rc3 Kg7 38. Rh1 Qd7 39. Qc2 Qf7 40. Rxc6 Rxc6 41. Qxc6 Rh8 42. Ba6 Rd8 43. Rc1 Qe7 44. Qc3 h4 45. Rh1 Rd7 46. Bb5 Rc7 47. Bc6 hxg3+ 48. Kxg3 b5 49. Rc1 Bd7 50. Qd3 Rxc6 51. Rxc6 Bxc6 52. Qxf5 Bd7 53. Qc2 Be6 54. f5 Kg8 55. fxe6 Qxe6 56. Qc7 a6 57. Qd8+ Kf7 58. Qf6+ Qxf6 59. exf6 1-0

[Event "Quebec op U2000"]
[Site "Montreal"]
[Date "2016.07.29"]
[Round "8.28"]
[White "Messier, David"]
[Black "Pare, Marc"]
[Result "0-1"]
[WhiteElo "1719"]
[BlackElo "1867"]
[PlyCount "122"]
[EventDate "2016.07.23"]
[EventType "swiss"]
[EventRounds "8"]
[EventCountry "CAN"]
[SourceTitle "EXT 2022"]
[Source "ChessBase"]
[SourceDate "2021.10.06"]
[SourceVersion "1"]
[SourceVersionDate "2021.10.06"]
[SourceQuality "1"]

1. e4 d5 2. exd5 Nf6 3. d4 Nxd5 4. Nf3 g6 5. c4 Nb6 6. Be2 Bg7 7. 0-0 0-0 8. Nc3 Bg4 9. h3 Bxf3 10. Bxf3 Nc6 11. c5 Nc8 12. d5 Nd4 13. Be3 Nf5 14. Bf4 a6 15. Re1 Na7 16. a4 Qd7 17. c6 Qd8 18. cxb7 Rb8 19. Be3 Nxe3 20. Rxe3 Re8 21. Qe2 Rxb7 22. d6 c6 23. Rd1 e6 24. Qxa6 Qb8 25. d7 Rd8 26. Bxc6 Rb6 27. Qd3 Nxc6 28. Qd6 Ne5 29. Qxb8 Rbxb8 30. Nb5 Nc4 31. Rb3 Nxb2 32. Rd2 Nxa4 33. Ra2 Nc5 34. Rba3 Rxd7 35. Na7 Ra8 36. Ra5 Nb3 37. R5a3 Nc5 38. Ra5 Ne4 39. Nc6 Rxa5 40. Rxa5 Bf6 41. Ra4 Rd1+ 42. Kh2 Nxf2 43. Rf4 Rh1+ 44. Kg3 Rf1 45. Rxf2 Bh4+ 46. Kxh4 Rxf2 47. Kg3 Rc2 48. Ne5 Kg7 49. Kf3 f6 50. Nd3 e5 51. Ne1 Rc4 52. g4 Rc3+ 53. Kg2 Re3 54. Nf3 Kf7 55. h4 Rc3 56. g5 e4 57. Nd4 Rc4 58. Ne2 Rc2 59. Kf2 f5 60. Ke3 Rxe2+ 61. Kxe2 f4 0-1

[Event "Quebec op U2000"]
[Site "Montreal"]
[Date "2016.07.26"]
[Round "5.2"]
[White "Pare, Marc"]
[Black "Morin, Louis"]
[Result "1-0"]
[WhiteElo "1867"]
[BlackElo "1907"]
[PlyCount "73"]
[EventDate "2016.07.23"]
[EventType "swiss"]
[EventRounds "8"]
[EventCountry "CAN"]
[SourceTitle "EXT 2022"]
[Source "ChessBase"]
[SourceDate "2021.10.06"]
[SourceVersion "1"]
[SourceVersionDate "2021.10.06"]
[SourceQuality "1"]

1. e4 e5 2. Nf3 d6 3. d4 Nf6 4. Nc3 Nbd7 5. Bc4 Be7 6. h3 c6 7. a4 0-0 8. 0-0 Nxe4 9. Bxf7+ Rxf7 10. Nxe4 h6 11. Nxd6 Bxd6 12. dxe5 Rxf3 13. Qxd6 Rf8 14. Bxh6 Nxe5 15. Qxe5 gxh6 16. Ra3 Qf6 17. Rg3+ Kh7 18. Qc5 b6 19. Qa3 c5 20. Rf3 Bf5 21. Re1 Rf7 22. a5 Rg8 23. axb6 axb6 24. Qb3 Rfg7 25. g4 h5 26. Qd5 Bxg4 27. Qxg8+ Kxg8 28. Rxf6 Bf5+ 29. Kh2 Bxc2 30. Rxb6 c4 31. Rg1 Rxg1 32. Kxg1 Kg7 33. Kg2 h4 34. Kf3 Bf5 35. Rc6 Bxh3 36. Rxc4 Kf6 37. Rxh4 1-0